[Event "Polanica Zdroj op-A 47th"]
[Site "Polanica Zdroj"]
[Date "2011.??.??"]
[Round "8"]
[White "Usatiuk, Igor"]
[Black "Rozycki, Bartlomiej"]
[Result "0-1"]
[WhiteElo "2006"]
[BlackElo "1763"]
[PlyCount "78"]
[EventDate "2011.08.19"]
[EventType "swiss"]
[EventRounds "9"]
[EventCountry "POL"]
[SourceTitle "CBM 144 Extra"]
[Source "ChessBase"]
[SourceDate "2011.10.28"]
[SourceVersion "1"]
[SourceVersionDate "2011.10.28"]
[SourceQuality "1"]

1. d4 g6 2. c4 Bg7 3. Nc3 d6 4. e4 e5 5. d5 f5 6. Bd3 Nf6 7. Bg5 h6 8. Bxf6 Bxf6 9. exf5 0-0 10. fxg6 e4 11. Nxe4 Bxb2 12. Rb1 Bd4 13. Nf3 Bg4 14. Be2 Bb6 15. Qd2 Kg7 16. Qc3+ Kg8 17. Ng3 Qe8 18. Qc2 Bxf3 19. gxf3 Rxf3 20. 0-0 Rf6 21. Bd3 Nd7 22. h4 Ne5 23. h5 Rf3 24. Rxb6 axb6 25. Be2 Rf4 26. Kg2 Qf8 27. f3 Ra3 28. Qb2 Ra4 29. Ne4 Qf5 30. Qb3 Ra8 31. Rh1 Rf8 32. Ng3 Qg5 33. Rf1 Ra8 34. Qc2 Nd7 35. Kf2 Nf6 36. Rg1 Ng4+ 37. Ke1 Rxf3 38. Ne4 Qf5 39. Nf6+ Nxf6 0-1

[Event "Polanica Zdroj op-A 47th"]
[Site "Polanica Zdroj"]
[Date "2011.??.??"]
[Round "6"]
[White "Winiarski, Mikolaj"]
[Black "Usatiuk, Igor"]
[Result "1-0"]
[WhiteElo "1857"]
[BlackElo "2006"]
[PlyCount "53"]
[EventDate "2011.08.19"]
[EventType "swiss"]
[EventRounds "9"]
[EventCountry "POL"]
[SourceTitle "CBM 144 Extra"]
[Source "ChessBase"]
[SourceDate "2011.10.28"]
[SourceVersion "1"]
[SourceVersionDate "2011.10.28"]
[SourceQuality "1"]

1. d4 d5 2. c4 c6 3. Nc3 e6 4. Nf3 Nf6 5. Bg5 Qa5 6. Bxf6 gxf6 7. Nd2 Qb4 8. Qc2 dxc4 9. a3 Qd6 10. Nce4 Qxd4 11. e3 Qd8 12. 0-0-0 Be7 13. Nxc4 Nd7 14. Ncd6+ Kf8 15. Bc4 Qc7 16. Qe2 Ne5 17. Qh5 Kg7 18. g4 Rd8 19. Nxc8 Raxc8 20. Be2 Rd5 21. g5 fxg5 22. Nxg5 h6 23. h4 Rcd8 24. Nxe6+ fxe6 25. Rdg1+ Kh7 26. f4 Rc5+ 27. Kb1 1-0

[Event "Polanica Zdroj op-B 45th"]
[Site "Polanica Zdroj"]
[Date "2009.08.25"]
[Round "8"]
[White "Lukasiewicz, Aleksander"]
[Black "Usatiuk, Igor"]
[Result "1/2-1/2"]
[WhiteElo "1852"]
[BlackElo "2061"]
[PlyCount "34"]
[EventDate "2009.08.18"]
[EventType "swiss"]
[EventRounds "10"]
[EventCountry "POL"]
[SourceTitle "CBM 131 Extra"]
[Source "ChessBase"]
[SourceDate "2009.09.03"]
[SourceVersion "2"]
[SourceVersionDate "2009.09.16"]
[SourceQuality "1"]

1. e4 e6 2. d4 d5 3. Nc3 Bb4 4. Nge2 dxe4 5. a3 Bxc3+ 6. Nxc3 f5 7. f3 exf3 8. Qxf3 Nf6 9. Bf4 c6 10. Qg3 Nh5 11. Qe3 Nxf4 12. Qxf4 Nd7 13. 0-0-0 0-0 14. Bd3 Qf6 15. Rde1 Nb6 16. Rhf1 Rd8 17. g4 Qf7 1/2-1/2

[Event "Polanica Zdroj op-B 45th"]
[Site "Polanica Zdroj"]
[Date "2009.08.20"]
[Round "3"]
[White "Usatiuk, Igor"]
[Black "Szusterowski, Radoslaw"]
[Result "0-1"]
[WhiteElo "2061"]
[BlackElo "1969"]
[PlyCount "62"]
[EventDate "2009.08.18"]
[EventType "swiss"]
[EventRounds "10"]
[EventCountry "POL"]
[SourceTitle "CBM 131 Extra"]
[Source "ChessBase"]
[SourceDate "2009.09.03"]
[SourceVersion "2"]
[SourceVersionDate "2009.09.16"]
[SourceQuality "1"]

1. d4 Nf6 2. c4 c5 3. d5 e6 4. Nc3 exd5 5. cxd5 d6 6. e4 g6 7. h3 Bg7 8. Be3 0-0 9. Nf3 Re8 10. Nd2 a6 11. a4 Nxe4 12. Ndxe4 f5 13. Nxc5 dxc5 14. Be2 Qd6 15. Qd2 Be5 16. f4 Bg7 17. 0-0 Rxe3 18. Qxe3 Bd4 19. Rf3 Nd7 20. g3 Nf6 21. Rd1 Bxe3+ 22. Rxe3 Bd7 23. Bc4 Re8 24. Rde1 Rxe3 25. Rxe3 b5 26. axb5 axb5 27. Nxb5 Bxb5 28. Bxb5 Qxd5 29. b3 Qd4 30. Bc4+ Kg7 31. Kf2 Ne4+ 0-1

[Event "Polanica Zdroj op-B 44th"]
[Site "Polanica Zdroj"]
[Date "2008.08.23"]
[Round "5"]
[White "Usatiuk, Igor"]
[Black "Lada, Ireneusz"]
[Result "1/2-1/2"]
[WhiteElo "2081"]
[BlackElo "2166"]
[PlyCount "20"]
[EventDate "2008.08.19"]
[EventType "swiss"]
[EventRounds "10"]
[EventCountry "POL"]
[SourceTitle "CBM 126 Extra"]
[Source "ChessBase"]
[SourceDate "2008.11.05"]
[SourceVersion "1"]
[SourceVersionDate "2008.11.05"]
[SourceQuality "1"]

1. d4 Nf6 2. c4 e6 3. Nf3 b6 4. e3 Bb7 5. Bd3 Bb4+ 6. Nbd2 0-0 7. 0-0 d5 8. Qc2 Bd6 9. c5 bxc5 10. dxc5 Be7 1/2-1/2

[Event "Polanica Zdroj op-B 44th"]
[Site "Polanica Zdroj"]
[Date "2008.08.19"]
[Round "1"]
[White "Usatiuk, Igor"]
[Black "Leks, Maria"]
[Result "1-0"]
[WhiteElo "2081"]
[BlackElo "1861"]
[PlyCount "66"]
[EventDate "2008.08.19"]
[EventType "swiss"]
[EventRounds "10"]
[EventCountry "POL"]
[SourceTitle "CBM 126 Extra"]
[Source "ChessBase"]
[SourceDate "2008.11.05"]
[SourceVersion "1"]
[SourceVersionDate "2008.11.05"]
[SourceQuality "1"]

1. d4 d5 2. c4 c6 3. e3 a6 4. a4 a5 5. Bd3 Nf6 6. f4 Na6 7. Nf3 Bg4 8. Qb3 Bxf3 9. gxf3 Nb4 10. cxd5 Nfxd5 11. Bd2 e6 12. h4 h5 13. Ke2 Qc7 14. Na3 Be7 15. Rac1 Qd8 16. Rcg1 g6 17. Be1 Bf6 18. Be4 0-0 19. Nc4 Kh7 20. Ne5 Qc7 21. Nxg6 fxg6 22. Rxg6 Kh8 23. Rhg1 Bg7 24. Rxg7 Qxg7 25. Rxg7 Kxg7 26. Bxb4 axb4 27. Bxd5 cxd5 28. Qxb4 Rf7 29. b3 Ra6 30. Qb5 Rc6 31. f5 Rc2+ 32. Kd3 Rfc7 33. Qa5 exf5 1-0

[Event "Polanica Zdroj op-B 43rd"]
[Site "Polanica Zdroj"]
[Date "2007.08.21"]
[Round "5"]
[White "Knap, Jerzy"]
[Black "Usatiuk, Igor"]
[Result "0-1"]
[WhiteElo "1976"]
[BlackElo "2085"]
[PlyCount "104"]
[EventDate "2007.08.17"]
[EventType "swiss"]
[EventRounds "10"]
[EventCountry "POL"]
[SourceTitle "CBM 120 Extra"]
[Source "ChessBase"]
[SourceDate "2007.11.01"]
[SourceVersion "1"]
[SourceVersionDate "2007.11.01"]
[SourceQuality "1"]

1. d4 d5 2. c4 c6 3. cxd5 cxd5 4. Nf3 Nf6 5. Nc3 Qb6 6. e3 Bf5 7. Bd3 Bg6 8. Ne5 Nc6 9. Nxg6 hxg6 10. a3 e6 11. h3 Rc8 12. Qa4 Bd6 13. Qb5 Qc7 14. Bd2 a6 15. Qb3 g5 16. Rc1 g4 17. Ke2 gxh3 18. Rxh3 Rxh3 19. gxh3 Ke7 20. Qd1 Rh8 21. Qf1 Qb8 22. Qg2 Qg8 23. Rg1 g6 24. Kd1 Qh7 25. Rh1 Qh5+ 26. Be2 Qh4 27. Be1 Kd7 28. f4 Qh6 29. Qg5 Qg7 30. Qg2 Qf8 31. Bd3 Nh5 32. Ne2 Qd8 33. Bc3 Rg8 34. Rg1 Nf6 35. Qg5 Be7 36. Qg2 Kc8 37. Kc2 Kb8 38. Kb1 b5 39. b4 Qd7 40. Nc1 Nd8 41. Nb3 Nb7 42. Nc5 Qc6 43. Rc1 Nd6 44. Ka2 Nc4 45. Qf3 Ka7 46. Qe2 Rh8 47. Rh1 Bxc5 48. dxc5 d4 49. Bxd4 Qxh1 50. Bxf6 Qxh3 51. Qf1 Qxf1 52. Bxf1 Rh2+ 0-1

[Event "Polanica Zdroj op-B 43rd"]
[Site "Polanica Zdroj"]
[Date "2007.08.20"]
[Round "4"]
[White "Usatiuk, Igor"]
[Black "Wasik, Piotr"]
[Result "1/2-1/2"]
[WhiteElo "2085"]
[BlackElo "1925"]
[PlyCount "120"]
[EventDate "2007.08.17"]
[EventType "swiss"]
[EventRounds "10"]
[EventCountry "POL"]
[SourceTitle "CBM 120 Extra"]
[Source "ChessBase"]
[SourceDate "2007.11.01"]
[SourceVersion "1"]
[SourceVersionDate "2007.11.01"]
[SourceQuality "1"]

1. d4 d5 2. c4 c6 3. Nf3 Nf6 4. Qc2 a6 5. a3 e6 6. c5 Nbd7 7. Bf4 Be7 8. Nbd2 0-0 9. e3 Nh5 10. Bg3 g6 11. Bd3 Nxg3 12. hxg3 Bf6 13. Ke2 e5 14. Nxe5 Nxe5 15. dxe5 Bxe5 16. f4 Bg4+ 17. Kf2 Bg7 18. Rh4 h5 19. Nf3 Bxf3 20. gxf3 Qf6 21. Rb1 Rfe8 22. b4 Qc3 23. f5 Qxc2+ 24. Bxc2 Bf6 25. Rh3 Kg7 26. Rb3 Re7 27. f4 Rae8 28. Kf3 Rh8 29. fxg6 fxg6 30. Rh1 g5 31. Bf5 Ree8 32. Rd1 Kf7 33. e4 dxe4+ 34. Bxe4 g4+ 35. Ke3 Re7 36. Rbd3 h4 37. gxh4 Rxh4 38. Rd7 Rh3+ 39. Ke2 Rxa3 40. Rxe7+ Kxe7 41. Rh1 Bd4 42. Bf5 g3 43. Rh7+ Kf6 44. Bh3 Re3+ 45. Kd2 Rb3 46. Rxb7 Bxc5 47. Kc2 Rxb4 48. Rc7 Rb6 49. Bg2 Bd6 50. Rc8 Bxf4 51. Bxc6 a5 52. Bf3 Bd6 53. Ra8 Rb5 54. Ra6 Ke5 55. Bg2 Bb4 56. Kd3 Rd5+ 57. Bxd5 Kxd5 58. Rg6 Bd6 59. Kc3 Be5+ 60. Kd3 a4 1/2-1/2

[Event "Polanica Zdroj op-B 42nd"]
[Site "Polanica Zdroj"]
[Date "2006.08.24"]
[Round "5"]
[White "Usatiuk, Igor"]
[Black "Kucypera, Malgorzata"]
[Result "0-1"]
[WhiteElo "2088"]
[BlackElo "2029"]
[PlyCount "72"]
[EventDate "2006.08.20"]
[EventType "swiss"]
[EventRounds "7"]
[EventCountry "POL"]
[SourceTitle "CBM 113 Extra"]
[Source "ChessBase"]
[SourceDate "2006.09.14"]
[SourceVersion "1"]
[SourceVersionDate "2006.09.14"]
[SourceQuality "1"]

1. d4 Nf6 2. c4 c5 3. d5 b5 4. cxb5 a6 5. f3 axb5 6. e4 Qa5+ 7. Bd2 b4 8. Na3 d6 9. Nc4 Qc7 10. a3 e6 11. dxe6 fxe6 12. axb4 Rxa1 13. Qxa1 d5 14. e5 Nfd7 15. Nd6+ Bxd6 16. exd6 Qxd6 17. bxc5 Qe5+ 18. Kf2 0-0 19. Qc1 Nf6 20. Bd3 Ng4+ 21. Kf1 Qd4 22. Ke2 Qf2+ 23. Kd1 Ne5 24. Nh3 Qxg2 25. Bxh7+ Kxh7 26. Ng5+ Kg8 27. Re1 Nxf3 28. Nxf3 Qxf3+ 29. Kc2 Ba6 30. b3 Qd3+ 31. Kb2 Rf2 32. Rd1 Nc6 33. Ka3 Rf3 34. Qb2 Bc4 35. Rb1 Bxb3 36. Qxb3 Qa6+ 0-1

[Event "Polanica Zdroj op-B 42nd"]
[Site "Polanica Zdroj"]
[Date "2006.08.21"]
[Round "3"]
[White "Usatiuk, Igor"]
[Black "Weichhold, Pawel"]
[Result "1-0"]
[WhiteElo "2088"]
[BlackElo "1925"]
[PlyCount "69"]
[EventDate "2006.08.20"]
[EventType "swiss"]
[EventRounds "7"]
[EventCountry "POL"]
[SourceTitle "CBM 113 Extra"]
[Source "ChessBase"]
[SourceDate "2006.09.14"]
[SourceVersion "1"]
[SourceVersionDate "2006.09.14"]
[SourceQuality "1"]

1. d4 Nf6 2. c4 e6 3. Nf3 b6 4. g3 Bb7 5. Bg2 d5 6. b3 Nbd7 7. 0-0 Be7 8. Nc3 0-0 9. Bb2 c5 10. e3 Rc8 11. Nd2 cxd4 12. exd4 Ba6 13. Nb5 dxc4 14. Nxa7 c3 15. Nxc8 Bb4 16. Na7 cxb2 17. Rb1 Nb8 18. Nc6 Nxc6 19. Bxc6 Bxf1 20. Kxf1 Qxd4 21. Nc4 Qxd1+ 22. Rxd1 Bc3 23. Nxb6 Bd2 24. Rb1 Bc1 25. Nc4 Rc8 26. Bf3 Nd5 27. Bxd5 exd5 28. Nxb2 Rc2 29. Nd3 Ba3 30. b4 Rxa2 31. b5 Bd6 32. b6 Ra8 33. Rc1 Kf8 34. b7 Ra3 35. Nb4 1-0

[Event "Polanica Zdroj op-B 41st"]
[Site "Polanica Zdroj"]
[Date "2005.08.24"]
[Round "6"]
[White "Matuszewski, Michal"]
[Black "Usatiuk, Igor"]
[Result "1-0"]
[WhiteElo "1999"]
[BlackElo "2151"]
[PlyCount "101"]
[EventDate "2005.08.19"]
[EventType "swiss"]
[EventRounds "10"]
[EventCountry "POL"]
[SourceTitle "CBM 108 Extra"]
[Source "ChessBase"]
[SourceDate "2005.11.04"]
[SourceVersion "1"]
[SourceVersionDate "2005.11.04"]
[SourceQuality "1"]

1. e4 e6 2. d4 d5 3. exd5 exd5 4. Bd3 Nc6 5. c3 Bd6 6. Qf3 Be6 7. Ne2 g5 8. h3 Qe7 9. g4 0-0-0 10. Be3 h5 11. gxh5 Nh6 12. Qg2 Rhg8 13. Nd2 f5 14. f3 Bf7 15. Bf2 Bxh5 16. 0-0-0 f4 17. Rde1 Qf6 18. Nf1 Bg6 19. Bxg6 Qxg6 20. Rd1 Rde8 21. Ng1 Re6 22. Nh2 Ne7 23. Ng4 Nhf5 24. Be1 Ng3 25. Rh2 Nef5 26. a3 Rge8 27. Bd2 Ne3 28. Bxe3 fxe3 29. Ne5 Rxe5 30. dxe5 Bxe5 31. Qc2 Qf6 32. Rg2 Qf4 33. Ne2 Qxf3 34. Nxg3 Bxg3 35. Qe2 Qxe2 36. Rxe2 c6 37. Rf1 Bf4 38. h4 Kc7 39. Kc2 Re4 40. hxg5 Bxg5 41. Kd3 a5 42. Rg2 Bh4 43. Rf7+ Kb6 44. b4 axb4 45. axb4 Bf2 46. Ke2 Kb5 47. Rxb7+ Kc4 48. b5 Kxc3 49. bxc6 Rc4 50. Rd7 Bh4 51. c7 1-0

[Event "Bydgoszcz op-B"]
[Site "Bydgoszcz"]
[Date "1999.??.??"]
[Round "7"]
[White "Usatiuk, Igor"]
[Black "Charchalis, Piotr"]
[Result "1-0"]
[WhiteElo "2151"]
[BlackElo "2181"]
[PlyCount "83"]
[EventDate "1999.??.??"]
[EventType "swiss"]
[EventRounds "9"]
[EventCountry "POL"]
[SourceTitle "EXT 2001"]
[Source "ChessBase"]
[SourceDate "2000.11.22"]
[SourceVersion "1"]
[SourceVersionDate "2000.11.22"]
[SourceQuality "1"]

1. d4 Nf6 2. c4 c5 3. d5 e6 4. Nc3 exd5 5. cxd5 d6 6. e4 g6 7. h3 Bg7 8. Nf3 0-0 9. Bd3 b5 10. 0-0 b4 11. Ne2 Re8 12. Ng3 Qc7 13. Qc2 Nbd7 14. Bf4 Nb6 15. Rac1 Nfd7 16. Qd2 a5 17. Bb5 Ba6 18. Bxa6 Rxa6 19. Nd4 Ne5 20. Bxe5 Bxe5 21. f4 Bxd4+ 22. Qxd4 Qe7 23. Qd2 Nd7 24. Rce1 f6 25. Qd3 Ra7 26. h4 Qg7 27. h5 Rc8 28. hxg6 hxg6 29. Rc1 a4 30. Rf3 Qf8 31. e5 dxe5 32. Qxg6+ Qg7 33. Qf5 Qh7 34. Qe6+ Qf7 35. Nf5 Qxe6 36. dxe6 Nb6 37. e7 Re8 38. fxe5 fxe5 39. Rg3+ Kf7 40. Nd6+ Kxe7 41. Nxe8 Kxe8 42. Rxc5 1-0